Metropolen und Regionalzentren in Bayern - Statistiken

Allgemein
  • Dieses Quiz wurde 156 mal gespielt
  • Das Durchschnittsergebnis liegt bei 6 aus 6
Antwortstatistiken
Stufe Stadt % Korrekt
Metropole München
100%
Metropole Nürnberg/Fürth/Erlangen/Schwabach
100%
Metropole Augsburg
96%
Regionalzentrum Würzburg
88%
Regionalzentrum Regensburg
87%
Regionalzentrum Ingolstadt
86%
Keine übereinstimmenden Quizze gefunden
Verteilung der Resultate
Anzahl Personen mit jedem Resultat
Perzentil nach korrekt beantworteten Fragen
Ihre Resultats-Entwicklung
Sie haben dieses Quiz noch nicht gespielt